Discourses on Judicial Formalism in Central and Eastern Europe: Symptom of an Inferiority Complex?
| Titel: | Discourses on Judicial Formalism in Central and Eastern Europe: Symptom of an Inferiority Complex? / Péter Cserne |
|---|---|
| Verfasser: | |
| In: |
European review, Band 28, Heft 6 (2020), Seite 880-891 alle Artikel anzeigen |
| Veröffentlicht: | 2020 |
| Format: | Aufsatz |
| Sprache: | Englisch |
X
alg: 52329742 001A $03025:07-11-24 001B $03025:07-11-24 $t12:53:23.000 001D $03025:07-11-24 001U $0utf8 001X $00 002@ $0Oou 002C $aText $btxt $2rdacontent 002D $aComputermedien $bc $2rdamedia 002E $aOnline-Ressource $bcr $2rdacarrier 003@ $0523297424 009Q $uhttps://doi.org/10.1017/S1062798720000320 $xVolltext 010@ $aeng 010E $erda 011@ $a2020 021A $aDiscourses on Judicial Formalism in Central and Eastern Europe: Symptom of an Inferiority Complex? $hPéter Cserne 028A $BVerfasser $4aut $7136224601 $8Cserne, Péter$Z1976- [Tp1] $9203925823 031A $d28 $e6 $h880-891 $j2020 039B $aEnthalten in $8--Obvc--. European review. - Cambridge : Cambridge Univ. Press, 1993-. - Online-Ressource. - ISSN 1474-0575 $x202000000280006120 $9098734202 044K $RMitteleuropa $RVisegrád-Staaten $ROsteuropa $#Ostmitteleuropa $#Ostmitteleuropa $#Mitteleuropa, Ost $#Central Europe Ostmitteleuropa $#Mittelosteuropa $74075753-5 $8Ostmitteleuropa [Tg1] $9085214485 044K $RRecht $RRechtsordnung $#Sistemi giuridici $#Rechtssysteme $74139924-9 $8Rechtssystem [Ts1] $9085534722 044K $RBewusstsein $RNationalismus $RNationenbildung $RPatriotismus $#Nationalism $#Nationalisme $#Nationalbewusstsein $#nationale Identität $#Nationale Identität Nationalbewusstsein $#Nationales Bewusstsein $#Nationalgefühl $#Historische Identität Nationalbewusstsein $74041282-9 $8Nationalbewusstsein [Ts1] $9085112976 045F $a340.09 $eDDC23BSB 045F/01 $a340.09 045F/03 $f0905 045F/03 $g437 045R $aGeschichte 1990-2020 lok: 52329742 78 exp: 52329742 78 1 #EPN 201B/01 $007-11-24 $t12:52:14.000 201C/01 $007-11-24 201U/01 $0utf8 203@/01 $01281977136 208@/01 $a07-11-24 $be 209A/01 $a/ $f000 $x00 209A/01 $ab*p $x01 220C/01 $apgar 244Z/01 $#Ostmitteleuropa $#Ostmitteleuropa $#Mitteleuropa, Ost $#Central Europe Ostmitteleuropa $#Mittelosteuropa $74075753-5 $8--Tg1--Ostmitteleuropa $x05 $9085214485 247C/01 $82080>Marburg/Lahn, Herder-Institut, Forschungsbibliothek, Bibliographieportal $9336309341
| LEADER | 00000naa a2200000 c 4500 | ||
|---|---|---|---|
| 001 | 523297424 | ||
| 003 | DE-603 | ||
| 005 | 20241107125323.0 | ||
| 007 | cr|||||||||||| | ||
| 008 | 241107s2020 xx |||| o| u00||u|eng c | ||
| 035 | |a (DE-599)HEB523297424 | ||
| 040 | |a DE-603 |b ger |c DE-603 |d DE-603 |e rda | ||
| 041 | |a eng | ||
| 082 | 0 | 4 | |8 1\u |a 340.09 |q DE-101 |2 23/BSB |
| 085 | |8 1\u |b 340.09 | ||
| 085 | |8 1\u |z 1 |s 0905 | ||
| 085 | |8 1\u |z 2 |s 437 | ||
| 100 | 1 | |a Cserne, Péter |d 1976- |e Verfasser |4 aut |0 (DE-603)203925823 |0 (DE-588)136224601 |2 gnd | |
| 245 | 0 | 0 | |a Discourses on Judicial Formalism in Central and Eastern Europe: Symptom of an Inferiority Complex? |c Péter Cserne |
| 264 | 0 | |c 2020 | |
| 336 | |a Text |b txt |2 rdacontent | ||
| 337 | |a Computermedien |b c |2 rdamedia | ||
| 338 | |a Online-Ressource |b cr |2 rdacarrier | ||
| 648 | 7 | |a Geschichte 1990-2020 |2 gnd | |
| 650 | 7 | |a Rechtssystem |0 (DE-588)4139924-9 |0 (DE-603)085534722 |2 gnd | |
| 650 | 7 | |a Nationalbewusstsein |0 (DE-588)4041282-9 |0 (DE-603)085112976 |2 gnd | |
| 651 | 7 | |a Ostmitteleuropa |0 (DE-588)4075753-5 |0 (DE-603)085214485 |2 gnd | |
| 773 | 0 | 8 | |i Enthalten in |t European review |d Cambridge : Cambridge Univ. Press, 1993- |h Online-Ressource |x 1474-0575 |g Band 28, Heft 6 (2020), Seite 880-891 |w (DE-603)098734202 |w (DE-600)2048671-6 |
| 856 | |u https://doi.org/10.1017/S1062798720000320 | ||
| 924 | 1 | |9 2080 |a (DE-603)1281977136 |b DE-2080 |c HES |d d |g / | |


